Ville Pokémon - Kanto - Statistiques

Statistiques générales
  • Ce quiz a été pris 35 fois
  • Le résultat moyen est 8 sur 18
Statistiques - réponses
Réponse % Correct
Bourg Palette
97%
Argenta
83%
Azuria
83%
Carmin sur Mer
83%
Cramois'ile
83%
Jadielle
83%
Lavanville
83%
Safrania
80%
Céladopole
77%
Parmanie
73%
Néonville
3%
Terracotta
3%
Créminiville
0%
Matcha City
0%
Porta Vista
0%
Salville
0%
Soleilville
0%
Villedargent
0%
Aucun quiz correspondant
Distribution des résultats
% des personnes avec chaque résultat
Percentile par nombre de réponses
Votre historique - résultats
Vous n’avez pas pris ce quiz